000 00271nam a22001217a 4500
008 180307b xxu||||| |||| 00| 0 eng d
041 _aeng
080 _a004
100 _a28
101 _aSHK
245 _aALGOL Programming A basic Approach
_cThurnau
942 _2udc
_cBK
999 _c44305
_d44305